000 00327nam a22001337a 4500
999 _c13055
_d13055
020 _a9781292096193
082 _a540
100 _aKaren C.Timberlake
245 _aGeneral, Organic and Biological Chemistry(Structures of Life)
250 _a5th Edition
260 _aUSA
_bPearson
_c2016
300 _a960 Pages
942 _cBK